000 00812nam a2200253Ia 4500
003 OSt
005 20220928114902.0
006 a|||||r|||| 00| 0
007 ta
008 220927b |||||||| |||| 00| 0 eng d
020 _cINR 499.00
024 _a134554
037 _b0279, 08/03/2017, Bookwell Publications
_cTextual
040 _aSDCL
_cSDCL
_beng
041 _2eng
_aeng
082 _a0-,3, M5 LR
100 _aFeynman Richard P.
_9441988
245 0 _aSurely you're joking, mr Feynman !
_bAdventures of a curious character as told to ralph leighton
260 _aLondon
_bVintage Books
_c1985
300 _ax,350p.
_ccm.
650 _aReference
942 _h0-,3, M5 LR
_cTEXL
_2CC
999 _c757333
_d757333